El papel de las universidades en el diálogo fe y cultura /
Gardado en:
| Autor Principal: | |
|---|---|
| Outros autores: | |
| Formato: | Libro |
| Idioma: | Lingua castelá |
| Publicado: |
Morelia, México :
AMIESIC,
2004, c2004
|
| Series: | (Reflexiones AMIESIC ;
1) |
| Temas: | |
| Etiquetas: |
Sen Etiquetas, Sexa o primeiro en etiquetar este rexistro!
|
MARC
| LEADER | 00000nam^a2200000^a^4500 | ||
|---|---|---|---|
| 001 | 000174958 | ||
| 005 | 20250521000000.0 | ||
| 009 | 20260310101547.133 | ||
| 037 | |a Acervo ITESO - Biblioteca | ||
| 041 | |a ESP | ||
| 082 | |a 378. 103 |b MEN | ||
| 100 | |a Mendoza Alvarez, Carlos |e (autor) | ||
| 245 | 1 | 3 | |a El papel de las universidades en el diálogo fe y cultura / |c C. Mendoza Alvarez ; presen. de C. Velasco Arzac. |
| 264 | 4 | |a Morelia, México : |b AMIESIC, |c 2004, c2004 | |
| 300 | |a 55 p. | ||
| 336 | |a texto |b txt |2 rdacontenido | ||
| 337 | |a sin mediación |b n |2 rdamedio | ||
| 338 | |a volumen |b nc |2 rdasoporte | ||
| 440 | 1 | |a (Reflexiones AMIESIC ; |v 1) | |
| 649 | |a XX | ||
| 650 | |a Universidades Católicas - |x Condiciones Sociales y Culturales | ||
| 650 | |a Inculturación | ||
| 650 | |a Redes Sociales | ||
| 650 | |a Sociedad Postindustrial | ||
| 650 | |a Globalización | ||
| 650 | |a Humanismo | ||
| 650 | |a Iglesia y Educación | ||
| 650 | |a Iglesia y Problemas Sociales | ||
| 650 | |a Orientación Pastoral | ||
| 650 | |a Catolicismo | ||
| 650 | |a Cristianismo | ||
| 650 | |a Religión | ||
| 650 | |a Educación Superior | ||
| 700 | |a Velasco Arzac, Carlos |e (presentación) | ||
| 910 | |a Fondo General | ||
| 920 | |a Impresos - Libros | ||
| 930 | |a Colección General | ||
| 905 | |a 101 | ||
| 901 | |a 0500113048 |b IT1 |c ACC |u 20250521 | ||
| 901 | |a 0500113045 |b IT1 |c ACC |u 20250521 | ||
| 902 | |a https://opac.biblio.iteso.mx/vufind/Record/000174958 | ||